000
00234nam a22001097a 4500
020
_a
0720430801
082
_a
330.9730924 BRO
100
_a
FROMM, Gary
245
_a
Perspective and recent Developments
260
_a
1977
942
_c
BK
999
_c
14320
_d
14320